[Event "Innsbruck op-B 3rd"]
[Site "Innsbruck"]
[Date "2019.09.01"]
[Round "9"]
[White "Roesch, Julian"]
[Black "Nixdorf, Andre"]
[Result "1-0"]
[WhiteElo "1826"]
[BlackElo "1936"]
[PlyCount "81"]
[EventDate "2019.08.25"]
[EventType "swiss"]
[EventRounds "9"]
[EventCountry "AUT"]
[SourceTitle "EXT 2020"]
[Source "ChessBase"]
[SourceDate "2019.10.17"]
[SourceVersion "1"]
[SourceVersionDate "2019.10.17"]
[SourceQuality "1"]

1. e4 c5 2. Be2 Nc6 3. f4 g6 4. Nf3 Bg7 5. d3 e6 6. 0-0 Nge7 7. c3 0-0 8. Qe1 d5 9. Qh4 f5 10. e5 Bd7 11. Na3 a6 12. Nc2 b5 13. Be3 c4 14. Bc5 Re8 15. Kh1 Na5 16. Qf2 Nc8 17. h4 Nb7 18. Be3 h5 19. Ng5 Bh6 20. Nh3 Kh7 21. Nd4 Na5 22. Nf3 cxd3 23. Nfg5+ Kg8 24. Bxd3 Nc4 25. Bc1 Qe7 26. b3 Na5 27. Be3 Bf8 28. Rab1 Bc6 29. Rfd1 Qb7 30. Nf3 Qg7 31. Nhg5 Qb7 32. Nd4 Bd7 33. Qg3 Re7 34. Ngxe6 Rxe6 35. Nxe6 Bxe6 36. Qxg6+ Qg7 37. Qxe6+ Kh8 38. Qxf5 Ne7 39. Qxh5+ Qh6 40. Qxh6+ Bxh6 41. g4 1-0

[Event "Innsbruck op-B 3rd"]
[Site "Innsbruck"]
[Date "2019.08.30"]
[Round "8"]
[White "Sala, Dalibor"]
[Black "Roesch, Julian"]
[Result "1-0"]
[WhiteElo "1932"]
[BlackElo "1826"]
[PlyCount "75"]
[EventDate "2019.08.25"]
[EventType "swiss"]
[EventRounds "9"]
[EventCountry "AUT"]
[SourceTitle "EXT 2020"]
[Source "ChessBase"]
[SourceDate "2019.10.17"]
[SourceVersion "1"]
[SourceVersionDate "2019.10.17"]
[SourceQuality "1"]

1. e4 c6 2. Nc3 d5 3. Nf3 Bg4 4. h3 Bxf3 5. Qxf3 Nf6 6. d3 e6 7. Bd2 Be7 8. 0-0-0 a5 9. g4 a4 10. g5 Nfd7 11. h4 d4 12. Ne2 b5 13. Nxd4 b4 14. Ne2 b3 15. a3 bxc2 16. Kxc2 Qb6 17. Bc3 0-0 18. Bh3 Na6 19. Qg3 Ndc5 20. h5 Rad8 21. g6 fxg6 22. hxg6 h6 23. Kb1 Qb3 24. Nd4 Qb6 25. Nxe6 Bf6 26. Bxf6 Rxf6 27. Nxd8 Qxd8 28. e5 Rf8 29. d4 Qe7 30. dxc5 Nxc5 31. Qe3 Rb8 32. f4 Qb7 33. Rh2 Qb5 34. Rhd2 Kf8 35. Rd8+ Rxd8 36. Rxd8+ Ke7 37. Ra8 Nb3 38. Qa7+ 1-0

[Event "Innsbruck op-B 3rd"]
[Site "Innsbruck"]
[Date "2019.08.27"]
[Round "4"]
[White "Walcher, Christian"]
[Black "Roesch, Julian"]
[Result "1/2-1/2"]
[WhiteElo "1891"]
[BlackElo "1826"]
[PlyCount "33"]
[EventDate "2019.08.25"]
[EventType "swiss"]
[EventRounds "9"]
[EventCountry "AUT"]
[SourceTitle "EXT 2020"]
[Source "ChessBase"]
[SourceDate "2019.10.17"]
[SourceVersion "1"]
[SourceVersionDate "2019.10.17"]
[SourceQuality "1"]

1. e4 c6 2. d4 d5 3. e5 Bf5 4. Bd3 Bxd3 5. Qxd3 e6 6. Ne2 Qa5+ 7. c3 Qa6 8. Qxa6 Nxa6 9. b4 Nb8 10. 0-0 a5 11. Bd2 a4 12. Na3 b5 13. f4 g6 14. g4 Ne7 15. Ng3 h5 16. f5 h4 17. fxe6 1/2-1/2

[Event "Innsbruck op-B 3rd"]
[Site "Innsbruck"]
[Date "2019.08.26"]
[Round "2"]
[White "Aufschnaiter, Alexander"]
[Black "Roesch, Julian"]
[Result "0-1"]
[WhiteElo "1532"]
[BlackElo "1826"]
[PlyCount "52"]
[EventDate "2019.08.25"]
[EventType "swiss"]
[EventRounds "9"]
[EventCountry "AUT"]
[SourceTitle "EXT 2020"]
[Source "ChessBase"]
[SourceDate "2019.10.17"]
[SourceVersion "1"]
[SourceVersionDate "2019.10.17"]
[SourceQuality "1"]

1. d4 d5 2. Bf4 Nf6 3. e3 c5 4. dxc5 Nc6 5. Nf3 e6 6. c4 Bxc5 7. a3 0-0 8. Nc3 Qe7 9. cxd5 Nxd5 10. Nxd5 exd5 11. Be2 Rd8 12. 0-0 d4 13. exd4 Nxd4 14. Nxd4 Bxd4 15. Qc2 Be6 16. Qe4 Rac8 17. Rab1 b6 18. Bg4 Qf6 19. Bxe6 fxe6 20. b4 Rc3 21. h4 Qxh4 22. Qxe6+ Kh8 23. Bg3 Qxg3 24. Rbd1 Bxf2+ 25. Kh1 Qh4+ 26. Qh3 Rxh3+ 0-1